000
00306nam a22001457a 4500
008
210308b ||||| |||| 00| 0 eng d
020
_a
9781285190167
041
_a
eng
080
_a
159.9
082
_a
159.9
100
_a
48
101
_a
PSI
245
_a
Psychology
_c
Riegler, G.R
942
_2
udc
_c
BK
999
_c
55900
_d
55900